00818nab a22002057a 4500999001500000003000400015005001700019008004100036040000700077100003400084245007500118260007200193300001200265500003800277505008900315650002600404650002600430773014300456942001300599 c5705d5705OSt20251230230908.0190605e xxu||||| |||| 00| 0 spa d cPJ 91315aDiego, Julián A. de 13aLa reforma laboral de la ley de bases 27.742 /cJulián A. de Diego.  aCiudad Autónoma de Buenos Aires :bThomson Reuters La Ley,c2024. ap. 5-12 aCita: TR LALEY AR/DOC/2035/2024  t¿Te interesa el texto completo? Solicitalo al correo: koha@justierradelfuego.gov.ar 091316aDERECHO LABORAL 091391aREFORMA LABORAL0 0271193168dCiudad Autónoma de Buenos Aires : Thomson Reuters La Ley, 1999-2002.tRevista de derecho del trabajo. Nº5 - Septiembre 2024 2udccANA